[Event "South Wales Autumn op"]
[Site "Cardiff"]
[Date "2022.10.16"]
[Round "4"]
[White "Wang, Andy"]
[Black "Williams, Stephen M"]
[Result "1/2-1/2"]
[WhiteElo "1399"]
[BlackElo "1591"]
[PlyCount "66"]
[EventDate "2022.10.15"]
[EventType "swiss"]
[EventRounds "5"]
[EventCountry "WLS"]
[SourceTitle "EXT 2024"]
[Source "ChessBase"]
[SourceDate "2023.10.10"]
[SourceVersion "1"]
[SourceVersionDate "2023.10.10"]
[SourceQuality "1"]

1. d4 Nf6 2. Bf4 d5 3. Nf3 c5 4. e3 Nc6 5. Nc3 a6 6. Be2 cxd4 7. exd4 Bg4 8. h3 Bxf3 9. Bxf3 e6 10. Rb1 Qb6 11. Be3 Bd6 12. 0-0 0-0 13. Ne2 Rac8 14. c3 Qc7 15. Qd2 Na5 16. Bf4 Nc4 17. Qc1 e5 18. Bg5 e4 19. Bg4 Nxg4 20. hxg4 Qd7 21. f3 Rfe8 22. Re1 f5 23. Nf4 Bxf4 24. Qxf4 fxg4 25. fxe4 dxe4 26. Rxe4 Rxe4 27. Qxe4 Re8 28. Qf4 h6 29. Bh4 g5 30. Bxg5 hxg5 31. Qxg5+ Kh8 32. Qh5+ Kg8 33. Qg5+ Kh8 1/2-1/2

[Event "Wakefield 4NCL op-B 10th"]
[Site "Wakefield"]
[Date "2016.09.10"]
[Round "3.11"]
[White "Williams, Stephen M"]
[Black "Cawston, M John"]
[Result "0-1"]
[WhiteElo "1719"]
[BlackElo "1813"]
[PlyCount "120"]
[EventDate "2016.09.09"]
[EventType "swiss"]
[EventRounds "5"]
[EventCountry "ENG"]
[SourceTitle "EXT 2023"]
[Source "ChessBase"]
[SourceDate "2022.10.05"]
[SourceVersion "1"]
[SourceVersionDate "2022.10.05"]
[SourceQuality "1"]

1. d4 Nf6 2. c4 c5 3. d5 b5 4. cxb5 a6 5. bxa6 Bxa6 6. Nc3 d6 7. e4 Bxf1 8. Kxf1 Nbd7 9. Nge2 g6 10. Kg1 Bg7 11. h3 0-0 12. Qc2 Qa5 13. Kh2 Rfb8 14. Rd1 Rb7 15. Rb1 Ne8 16. Bg5 Nb6 17. b3 h6 18. Bd2 Qa6 19. Bc1 Rab8 20. a4 Nc7 21. Be3 Nd7 22. Na2 Kh7 23. Nec3 Qa5 24. f4 Ra8 25. Bd2 Qa6 26. b4 cxb4 27. Nxb4 Qc4 28. Nc6 Rxb1 29. Rxb1 Nc5 30. Rb4 Qf1 31. Nb5 N7a6 32. Rb1 Qf2 33. Nc3 Bxc3 34. Qxc3 Nxe4 35. Qe3 Qxd2 36. Qxe4 Nc5 37. Qxe7 Qxf4+ 38. Kh1 Rxa4 39. Qe8 Qf6 40. Ne7 Qg7 41. Rf1 Ra1 42. Rxa1 Qxa1+ 43. Kh2 Qe5+ 44. Kh1 Qe1+ 45. Kh2 Qe5+ 46. Kh1 Qg7 47. Qd8 Ne4 48. Kg1 Qd4+ 49. Kh2 Qh8 50. Qd7 Qe5+ 51. Kg1 Qd4+ 52. Kh2 Qg7 53. Qd8 h5 54. Qd7 h4 55. Qd8 Qe5+ 56. Kg1 Qd4+ 57. Kh2 Qh8 58. Qd7 Qe5+ 59. Kg1 Ng3 60. Kh2 Qe1 0-1